000 00654nam a2200229Ia 4500
003 OSt
005 20220928102233.0
006 a|||||r|||| 00| 0
007 ta
008 220927b |||||||| |||| 00| 0 eng d
024 _a47262
037 _cTextual
040 _aSDCL
_cSDCL
_beng
041 _2eng
_aeng
082 _aV271'I3<E3, N5
100 _aPanda Shishir Kumar
_9397317
245 0 _aState and the statecraft in Medieval Orissa under the later Eastern Gangas
260 _aCalcutta
_bK P Bagchi
_c1995
300 _a150p
_ccm.
942 _hV271'I3<E3, N5
_cTEXL
_2CC
999 _c713103
_d713103